PAROLES : Ailleurs, Josman - Statistiques

Statistiques générales
  • Ce quiz a été pris 120 fois
  • Le résultat moyen est 316 sur 496
Statistiques - réponses
Paroles % Correct
a
98%
à
98%
en
96%
de
94%
ma
94%
m'a
94%
ailleurs
93%
il
93%
maman
90%
peu
90%
un
90%
des
89%
et
89%
pas
89%
le
88%
bas
86%
sa
86%
va
86%
c'moment
85%
hauts
85%
j'suis
85%
mais
84%
on
84%
"on
84%
veut
84%
savoir
83%
c'qui
81%
tous
81%
beaucoup
80%
la
80%
L-A
80%
bon
79%
débats
79%
les
77%
questions
75%
me
74%
ne
74%
y
70%
j'ai
64%
du
63%
ou
62%
te
62%
dans
60%
sur
60%
ça
59%
fait
58%
moi
57%
qui
57%
se
54%
suis
54%
toits
54%
yeah
54%
au
53%
toujours
53%
été
52%
haine
52%
mon
52%
crie
51%
faire
51%
j'le
51%
j'me
51%
l'Etat
48%
trois
48%
c'est
47%
"c'est
47%
comme
47%
copine
47%
deux
47%
Dieu
47%
droit
47%
franc
47%
j'sais
47%
ouais
47%
soi
47%
tout
47%
venez
47%
yeux
47%
guetteur
46%
miss
46%
plus
46%
quand
46%
rien
46%
l'air
44%
l'avenir
44%
l'étroit
44%
l'fait
44%
ni
44%
radieux
44%
bien
43%
choix
43%
collier
43%
dit
43%
fier"
43%
frère
43%
hauteurs
43%
majeurs
43%
mauvais
43%
n'a
43%
s'annonce
43%
vers
43%
bâtiments
42%
chemin
42%
doigts
42%
fois
42%
j'en
42%
kiffé
42%
mieux
42%
non
42%
ah
41%
jacuzzi
41%
keufs
41%
mets
41%
remets
41%
bons
40%
car
40%
cieux
40%
déborde
40%
j'leur
40%
piscine
40%
suédois
40%
voix
40%
fallait
38%
faut
38%
j'm'arrache
38%
l'époque
38%
mérité
38%
petits
38%
pour
38%
repos
38%
sale
38%
sauna
38%
soie
38%
une
38%
autre
37%
depuis
37%
étoiles
37%
fer
37%
j'essaye
37%
massage
37%
trône
37%
assoie
36%
celle
36%
cher"
36%
croiser
36%
grandi
36%
j'm'en
36%
j'prends
36%
moins
36%
qu'on
36%
tête
36%
velours
36%
100%
35%
allaité
35%
fascinant
35%
honnête
35%
inquiète
35%
lui
35%
m'faire
35%
petite
35%
Terre
35%
avec
33%
d'une
33%
deuxième
32%
manière
32%
qu'j'm'y
32%
rêvé
32%
foie
31%
levé
31%
poumons
31%
quasiment
31%
0
30%
donc
30%
histoires
30%
j'aime
30%
Prada
30%
pull
30%
té-ma
30%
wow
30%
dada
28%
Louis
28%
m'arrêter
28%
Vuitton
27%
arriver
26%
combien
26%
l'argent
26%
niqué
26%
pétrolier
26%
points
26%
tomber
26%
zaza
26%
châtiment
25%
chez
25%
d'équations
25%
j'fume
25%
j'reviendrai
25%
m'toiser
25%
relier
25%
facilement
23%
méfie
23%
m'laisser
23%
péché
23%
nettoit
22%
qu'ils
22%
déjà
21%
patrons
21%
feront
20%
nada
20%
tauliers
20%
j'veux
19%
repens
16%
j'ressors
14%
écoliers (x3)
5%
yeah (x4)
5%
yeah (x3)
4%
radieux (x2)
2%
Aucun quiz correspondant
Distribution des résultats
% des personnes avec chaque résultat
Percentile par nombre de réponses
Votre historique - résultats
Vous n’avez pas pris ce quiz